Highest Grossing Animated Movies - Inflation Adjusted - Statistics

General Stats
  • This quiz has been taken 1,347 times
    690 since last reset
  • The average score is 17 of 30
Answer Stats
Year Movie % Correct
1937 Snow White and the Seven Dwarfs
94%
1950 Cinderella
81%
1995 Toy Story
76%
1999 Toy Story 2
76%
2010 Toy Story 3
76%
2019 Toy Story 4
76%
1994 The Lion King
75%
2013 Frozen
73%
2019 Frozen II
73%
1991 Beauty and the Beast
68%
1959 Sleeping Beauty
65%
1992 Aladdin
56%
1941 Fantasia
52%
2016 Finding Dory
51%
2001 Shrek
51%
2004 Shrek 2
51%
2007 Shrek the Third
51%
2003 Finding Nemo
50%
2004 The Incredibles
49%
1940 Pinocchio
46%
2018 Incredibles 2
45%
2015 Inside Out
44%
1967 The Jungle Book
44%
1942 Bambi
41%
1961 One Hundred and One Dalmatians
40%
2001 Monsters, Inc.
38%
1952 Peter Pan
33%
1955 Lady and the Tramp
31%
2013 Despicable Me 2
28%
2015 Minions
28%
No matching quizzes found
Score Distribution
Percent of People with Each Score
Percentile by Number Answered
Your Score History
You have not taken this quiz since the last reset